| 000 | 00869nam a22002897a 4500 | ||
|---|---|---|---|
| 001 | BR2016002535 | ||
| 003 | BR-BrBNA | ||
| 005 | 20230928104905.0 | ||
| 007 | ta | ||
| 008 | 230509b bl.||||| |||| 00| 0 por d | ||
| 040 |
_aBR-BrBNA _bpor _cBiblioteca Nacional de Agricultura |
||
| 041 | _a(Por) | ||
| 072 | _aE14 | ||
| 090 | _ E14 BR2016002535 | ||
| 110 | 1 | _aMinistério da Agricultura, Pecuária e Abastecimento, Brasília, DF (Brasil) | |
| 245 | 1 | _aAgropecuária brasileira avanços e conquistas janeiro 2015/maio 2016 | |
| 260 | 3 |
_aBrasília, DF (Brasil): _c2015. |
|
| 300 | _a102 p. | ||
| 500 | _a74 illus.; 16 graphs.; 34 tables | ||
| 650 | _aAGRONEGÓCIO | ||
| 650 | _aDESENVOLVIMENTO SUSTENTÁVEL | ||
| 650 | _aMERCADO NACIONAL | ||
| 650 | _aSEGURO RURAL | ||
| 650 | _aCADEIA PRODUTIVA | ||
| 909 |
_a202309 _bLucia _c55 _dLucia Elande |
||
| 942 | _cBK | ||
| 999 |
_c82291 _d82291 |
||